| 000 | 00671npc a2200217Ia 4500 | ||
|---|---|---|---|
| 001 | conv12-38544 | ||
| 003 | IT-MiCISF | ||
| 005 | 20250829191507.0 | ||
| 008 | 161014s9999||||xx | und|| | ||
| 040 |
_aIT-MiCISF _cIT-MiCISF |
||
| 041 | _ait | ||
| 100 |
_aDonati Pierpaolo (et al.) _961345 |
||
| 245 | 0 |
_aLe associazioni familiari in Europa. _bMilano, 14-16 aprile 1994 |
|
| 260 |
_a Milano, _bCisf, _c1994 |
||
| 500 | _a / associazionismo, famiglia, comparazione / | ||
| 650 | _asocietà | ||
| 654 | _aatti | ||
| 700 |
_aRossi G., Boccacin L., Matteini M., Stanziani S., Tamanza G., Kattau T., Bernardes J. _962564 |
||
| 942 |
_cDD _2ddc |
||
| 999 |
_c208547 _d208547 |
||
| 999 | _bsi | ||